Statistics for Night at the Museum Actors by Picture

Click here to take the quiz!

General Stats

  • This quiz has been taken 81 times
  • The average score is 9 of 16

Answer Stats

Answer% Correct
Ben Stiller
97%
Owen Wilson
91%
Robin Williams
88%
Rami Malek
70%
Amy Adams
68%
Paul Rudd
68%
Ricky Gervais
64%
Dick Van Dyke
61%
Rebel Wilson
59%
Jonah Hill
54%
Ben Kingsley
52%
Mickey Rooney
45%
Bill Hader
25%
Steve Coogan
25%
Jon Bernthal
19%
Mizuo Peck
4%

Score Distribution

Percentile by Number Answered

Percent of People with Each Score

Your Score History

You have not taken this quiz